Spell the Fantastic Four Member #5 - Statistics

General Stats
  • This quiz has been taken 21 times
  • The average score is 5 of 6
Answer Stats
Picture Answer % Correct
Human Torch
100%
Invisible Woman
93%
Namor the Sub-Mariner
87%
Thing
80%
Gorgon
53%
Thundra
53%
No matching quizzes found
Score Distribution
Percent of People with Each Score
Percentile by Number Answered
Your Score History
You have not taken this quiz